| 000 | 00717cam a22002533a 4500 | ||
|---|---|---|---|
| 001 | 2637 | ||
| 003 | PGUSA | ||
| 005 | 20140828083017.0 | ||
| 008 | 010501s2001||||xxu|||||s|||||000 1 eng d | ||
| 040 |
_aPGUSA _beng |
||
| 042 | _adc | ||
| 050 | 4 | _aPG | |
| 100 | 1 |
_aTolstoy, Leo, graf, _d1828-1910 |
|
| 245 | 1 | 0 |
_aYouth _h[electronic resource] / _cLeo, graf Tolstoy |
| 260 |
_bProject Gutenberg, _c2001 |
||
| 506 | _aPublic domain in the USA. | ||
| 516 | _aElectronic text | ||
| 653 | _aMoscow (Russia) -- Social conditions -- Fiction | ||
| 653 | _aSocial problems -- Fiction | ||
| 700 | 1 | _aHogarth, C. J. | |
| 830 | 0 |
_aProject Gutenberg _v2637 |
|
| 856 | 4 | 0 | _uhttp://www.gutenberg.org/ebooks/2637 |
| 942 | _cEB | ||
| 999 |
_c231970 _d231970 |
||